000 01033cad a22002295a 4500
001 L146403
008 090116s2008 xxkd f s 000 0 eng d
035 _a(Sirsi) u146403
041 0 _aeng
050 0 4 _a333.33 $2 18
110 2 _aColliers CRE
_95075
245 0 0 _aProperty pricing survey
_bNovember 2008
_h[electronic resource]
260 _aLondon
_bColliers CRE
_c2008
490 0 _aProperty Pricing Survey
_v(48) November 2008
520 _aReports that transaction activity has increased for both buying and selling. Expects total returns for 2008 to be -16.7%: the largest adjustment seen since the survey began in 1994. Expects returns to turn positive in 2010, but rental growth forecasts for 2008 and 2009 continue to be revised downwards.
590 _aKA
650 2 4 _aCOLLIERS PROPERTY PRICING SURVEY
651 4 _aUnited Kingdom
_y
690 _aPROPERTY-COMMERCIAL PROPERTY-COMMERCIAL PROPERTY MARKET
856 4 0 _uhttps://www.colliers.com/
_zView the item free of charge at www.colliers.com...
942 _n0
999 _c109164
_d109164